Adivina las películas por escenas (Argentina #2) - Estadísticas

Estadísticas generales
  • Esta prueba ha sido intentada 125 veces
  • La puntuación promedio es 7 de 20
Estadísticas de respuestas
Imagen Hint Respuesta % Correcto
2018 El Potro, lo mejor del amor
80%
2022 Argentina, 1985
79%
2020 El Robo del Siglo
65%
2019 4x4
64%
2011 Un Cuento Chino
54%
2006 El Ratón Pérez
53%
1974 La Mary
44%
2005 Papá Se Volvió Loco
38%
1982 Plata Dulce
26%
1974 La Patagonia Rebelde
25%
2005 Elsa & Fred
24%
1973 Juan Moreira
21%
2008 Leonera
19%
2004 No Sos Vos, Soy Yo
18%
1997 Cenizas del Paraiso
16%
2010 Un Buen Dia
13%
2002 Historias Minimas
11%
2010 Revolución, El Cruce De Los Andes
8%
2003 El Fondo Del Mar
7%
2018 Sueño Florianopolis
7%
No se encontraron pruebas coincidentes
Distribución de puntuación
Porcentaje de gente con cada puntuación
Porcentaje por número respondido
Historial de tus puntuaciones
No has intentado esta prueba.